| 000 | 00496nam a2200145 i 4500 | ||
|---|---|---|---|
| 001 | 167978 | ||
| 003 | ES-MaACL | ||
| 005 | 20230906213639.0 | ||
| 008 | 931025s1900 gw |||| | ger d | ||
| 100 | 1 |
_aWoltmann, Ludwuing. _9133959 |
|
| 245 | 1 | 0 |
_aDer historische Materialismus _b: darstellung mul Kritik der Marxistischen Weltanschauung / _cvon Ludwing Woltmann. |
| 260 |
_aDüsseldorf : _bHermann Michels. |
||
| 300 |
_a430 p. ; _c22 cm. |
||
| 852 |
_aES-MaACL _jF-565 _z-- Enc. pasta española |
||
| 999 |
_c167978 _d167978 |
||